<?xml version="1.0" encoding="UTF-8"?>
<record
    xmlns:xsi="http://www.w3.org/2001/XMLSchema-instance"
    xsi:schemaLocation="http://www.loc.gov/MARC21/slim http://www.loc.gov/standards/marcxml/schema/MARC21slim.xsd"
    xmlns="http://www.loc.gov/MARC21/slim">

  <leader>00681nam a2200181 i 4500</leader>
  <controlfield tag="001">70938</controlfield>
  <controlfield tag="003">ES-MaACL</controlfield>
  <controlfield tag="005">20250923160853.0</controlfield>
  <controlfield tag="007">t|</controlfield>
  <controlfield tag="008">040804s1978    sp           ||||1| spa d</controlfield>
  <datafield tag="100" ind1="1" ind2=" ">
    <subfield code="a">Gasc&#xF3;n Bueno, Francisco.</subfield>
    <subfield code="9">55859</subfield>
  </datafield>
  <datafield tag="245" ind1="1" ind2="3">
    <subfield code="a">El valle de Alcudia </subfield>
    <subfield code="b">: un ejemplo t&#xED;pico de econom&#xED;a agropecuaria en la Espa&#xF1;a del siglo XVIII / </subfield>
    <subfield code="c">Francisco Gasc&#xF3;n Bueno ; pr&#xF3;logo de Antonio Rumeu de Armas.</subfield>
  </datafield>
  <datafield tag="260" ind1=" " ind2=" ">
    <subfield code="a">[Ciudad Real : </subfield>
    <subfield code="b">s.n., </subfield>
    <subfield code="c">1978] (</subfield>
    <subfield code="f">Gr&#xE1;f. Castellana)</subfield>
  </datafield>
  <datafield tag="300" ind1=" " ind2=" ">
    <subfield code="a">XVI, 609 p. ; </subfield>
    <subfield code="c">25 cm + </subfield>
    <subfield code="e">10 map. pleg.</subfield>
  </datafield>
  <datafield tag="700" ind1="1" ind2=" ">
    <subfield code="a">Rumeu de Armas, Antonio, </subfield>
    <subfield code="d">1912-2006</subfield>
    <subfield code="9">100991</subfield>
  </datafield>
  <datafield tag="852" ind1=" " ind2=" ">
    <subfield code="a">ES-MaACL</subfield>
    <subfield code="j">A-9422 </subfield>
    <subfield code="b">R.98789</subfield>
  </datafield>
  <datafield tag="999" ind1=" " ind2=" ">
    <subfield code="c">70938</subfield>
    <subfield code="d">70938</subfield>
  </datafield>
  <datafield tag="952" ind1=" " ind2=" ">
    <subfield code="0">0</subfield>
    <subfield code="1">0</subfield>
    <subfield code="4">0</subfield>
    <subfield code="7">0</subfield>
    <subfield code="a">ATENEOM</subfield>
    <subfield code="b">ATENEOM</subfield>
    <subfield code="c">DEPO1</subfield>
    <subfield code="d">2008-01-17</subfield>
    <subfield code="e">SC</subfield>
    <subfield code="l">0</subfield>
    <subfield code="o">A-9422</subfield>
    <subfield code="p">1074285</subfield>
    <subfield code="r">2023-02-23 00:00:00</subfield>
    <subfield code="w">2023-02-23</subfield>
    <subfield code="y">MONOGRAFIA</subfield>
  </datafield>
</record>
